Constituição (Record no. 1463)

MARC details
000 -LÍDER
Campo Fixo de Controle 00920nam a2200229 a 4500
001 - NÚMERO DE CONTROLE
Campo de Controle 1463
003 - IDENTIFICAÇÃO DO NÚMERO DE CONTROLE
Campo de Controle BR-CuiBMT
005 - DATA E HORA DA ÚLTIMA ATUALIZAÇÃO
Campo de Controle 20231211193312.0
008 - DADOS FIXOS
Dados Fixos 231211s2015 dfb 000 0 por d
040 ## - AGÊNCIA CATALOGADORA
Código da Agência Catalogadora BR-CuiBMT
Agência que transcreveu o registro BR-CuiBMT
080 ## - Nº DA CLASSIFICAÇÃO DECIMAL UNIVERSAL
Nº edição CDU 2007
Nº Class. CDU 342.4
Subd. Auxiliar Comum (81)
090 ## - NÚMERO DE CHAMADA
Nº classificação 342.4(81)
Cutter B823c
110 1# - ENTRADA PRINCIPAL -- ENTIDADE
Nome da entidade ou lugar Brasil
Unidade subordinada Congresso Nacional
-- Senado Federal
245 ## - TÍTULO PRINCIPAL
Título principal Constituição
Subtítulo da república federativa do Brasil /
Indicação de responsabilidade Senado Federal do Brasil.
260 ## - PUBLICAÇÃO, DISTRIBUIÇÃO, ETC.
Local de publicação Brasília :
Editora Senado Federal,
Data 2015.
300 ## - DESCRIÇÃO FÍSICA
N. páginas ou volumes 118 p.:
Dimensões 26 cm
500 ## - NOTAS GERAIS
Notas gerais Texto constitucional promulgado em 5 de outubro de 1988, com as alterações adotadas pelas emendas constitucionais de revisão nos. 1a 6/94, pelas emendas constitucionais nos. 1/92 a 71/2012 e pelo decreto legislativo no. 186/2008.<br/>
504 ## - NOTA DE BIBLIOGRAFIA, ETC.
Nota de bibliografia Inclui índice.
650 ## - ASSUNTO TÓPICO
Cabeçalho tópico ou nome geográfico Brasil
Subdivisão geral Constituição (1988)
650 ## - ASSUNTO TÓPICO
Cabeçalho tópico ou nome geográfico Direito constitucional
Subdivisão geográfica Brasil
942 ## - ELEMENTOS DE ENTRADA ADICIONAIS (KOHA)
Fonte de classificação ou esquema de arquivamento Classificação Decimal Universal
Tipo de item do Koha Livros
Holdings
Estado: removido Estado: perdido Fonte de classificação ou esquema de arquivamento Estado: danificado Indisponível para empréstimo Localização permanente Localização atual Data de aquisição Total Checkouts Número de Chamada completo Código de barras Date last seen Número do exemplar Preço efetivo a partir de Tipo de item (Koha)
    Classificação Decimal Universal     Biblioteca da Escola Superior de Contas do TCE/MT Biblioteca da Escola Superior de Contas do TCE/MT 11/12/2023   342.4(81) B823c BIBTCEMT23120359 11/12/2023 Ex. 1 11/12/2023 Livros

Powered by Koha